| 000 | 00806nam a22002657a 4500 | ||
|---|---|---|---|
| 001 | 22160489 | ||
| 003 | OSt | ||
| 005 | 20260218123016.0 | ||
| 008 | 210802m20189999ke bv f000 0 eng | ||
| 010 | _a 2021315451 | ||
| 035 | _a22160489 | ||
| 040 |
_aDLC _beng _erda _cDLC |
||
| 042 |
_alcode _apcc |
||
| 043 | _af-ke-- | ||
| 050 | 0 | 0 |
_aKSK 4659 _b.C66 2018 Vol. 1 |
| 110 |
_aNational Council for Law Reporting (Kenya Law) _eauthor. _959101 |
||
| 245 | 0 | 0 | _aCompendium of Rulings on Bail and Bond/ |
| 250 | _aVol. 1 | ||
| 260 |
_aNairobi, Kenya: _bNational Council for Law Reporting; _cc2018. |
||
| 300 |
_axv,216pages ; _c26 cm. |
||
| 504 | _aIncludes bibliographical references. | ||
| 650 | 0 |
_aBail _zKenya _vCases. _959102 |
|
| 906 |
_a7 _bcbc _corigode _d2 _encip _f20 _gy-gencatlg |
||
| 942 |
_2lcc _cBK |
||
| 999 |
_c68819 _d68793 |
||